Greece - On a Map! - Statistics

General Stats
  • This quiz has been taken 814 times
  • The average score is 10 of 15
Answers on the Map
Answers color-coded by a green-red scale on the quiz's map according to % correct below.
 
Answer Stats
Hint Answers % Correct
Capital city - 3.17 m Athens
99%
Largest islands home to tall mountains Crete
95%
City - 806 k Thessaloniki
87%
Tallest mountain - elevation: 2,917 m, of great importance in Greek mythology Mount Olympus
79%
Sea which lies between Greece and Turkey Aegean Sea
78%
Once home to the Colossus of Rhodes, but unfortunately this ancient wonder of the world was lost due to an earthquake in 226 BC Rhodes
78%
The term lesbian is derived from this island's name, due to it being the birthplace of Sappho, an ancient Greek poet who wrote poems of powerful emotion directed at other women Lesbos
69%
City - 157 k Heraklion
61%
Large, southern peninsula Peloponnese
60%
The second largest of the Ionian islands, and home to Ioannis Kapodistrias--founder of the modern Greek state Corfu
56%
Second largest island, connected to the mainland via a bridge Euboea
47%
Autonomous region home to 20 Eastern Orthodox monasteries, only men can enter Mount Athos
46%
City - 195 k Patras
44%
City - 144 k Larissa
39%
City - 130 k Volos
30%
No matching quizzes found
Score Distribution
Percent of People with Each Score
Percentile by Number Answered
Your Score History
You have not taken this quiz